000 00193 a2200097 4500
020 _a9789992467190
041 _aspa
100 _aOvidio Ortega Reyes
245 _aYo en Movimiento
942 _cBK
999 _c15648
_d15648